Selwyn's law of employment / (Record no. 12565)
[ view plain ]
| 000 -LEADER | |
|---|---|
| fixed length control field | 00975cam a2200337 i 4500 |
| 001 - CONTROL NUMBER | |
| control field | 1308471537 |
| 003 - CONTROL NUMBER IDENTIFIER | |
| control field | OCoLC |
| 005 - DATE AND TIME OF LATEST TRANSACTION | |
| control field | 20240802085956.0 |
| 008 - FIXED-LENGTH DATA ELEMENTS--GENERAL INFORMATION | |
| fixed length control field | 220311s2022 enk 001 0 eng d |
| 015 ## - NATIONAL BIBLIOGRAPHY NUMBER | |
| National bibliography number | GBC243311 |
| Source | bnb |
| 016 7# - NATIONAL BIBLIOGRAPHIC AGENCY CONTROL NUMBER | |
| Record control number | 020517098 |
| Source | Uk |
| 020 ## - INTERNATIONAL STANDARD BOOK NUMBER | |
| International Standard Book Number | 9780192858795 |
| 020 ## - INTERNATIONAL STANDARD BOOK NUMBER | |
| International Standard Book Number | 0192858793 |
| 035 ## - SYSTEM CONTROL NUMBER | |
| System control number | .b107023696 |
| 035 ## - SYSTEM CONTROL NUMBER | |
| System control number | (OCoLC)1308471537 |
| 040 ## - CATALOGING SOURCE | |
| Original cataloging agency | UKMGB |
| Language of cataloging | eng |
| Description conventions | rda |
| Transcribing agency | UKMGB |
| Modifying agency | OCLCO |
| -- | OCLCF |
| -- | YDX |
| -- | UtOrBLW |
| 043 ## - GEOGRAPHIC AREA CODE | |
| Geographic area code | e-uk--- |
| 049 ## - LOCAL HOLDINGS (OCLC) | |
| Holding library | OHLM |
| 050 #4 - LIBRARY OF CONGRESS CALL NUMBER | |
| Classification number | KD3040 |
| Item number | .S44 2022 |
| 082 04 - DEWEY DECIMAL CLASSIFICATION NUMBER | |
| Classification number | 344.4101 |
| Edition number | 23 |
| Item number | EMI |
| 100 1# - MAIN ENTRY--PERSONAL NAME | |
| Personal name | Emir, Astra, |
| Relator term | author. |
| 9 (RLIN) | 24512 |
| 245 10 - TITLE STATEMENT | |
| Title | Selwyn's law of employment / |
| Statement of responsibility, etc | Astra Emir |
| 246 30 - VARYING FORM OF TITLE | |
| Title proper/short title | Law of employment |
| 250 ## - EDITION STATEMENT | |
| Edition statement | Twenty-second edition |
| 300 ## - PHYSICAL DESCRIPTION | |
| Extent | lxxxiv, 667 pages ; |
| Dimensions | 25 cm |
| 500 ## - GENERAL NOTE | |
| General note | Includes index |
| 500 ## - GENERAL NOTE | |
| General note | Previous edition: 2020 |
| 650 #0 - SUBJECT ADDED ENTRY--TOPICAL TERM | |
| Topical term or geographic name as entry element | Labor laws and legislation |
| Geographic subdivision | Great Britain. |
| 9 (RLIN) | 21340 |
| 700 1# - ADDED ENTRY--PERSONAL NAME | |
| Personal name | Selwyn, Norman M. |
| Title of a work | Law of employment |
| 9 (RLIN) | 24513 |
| 942 ## - ADDED ENTRY ELEMENTS (KOHA) | |
| Source of classification or shelving scheme | Dewey Decimal Classification |
| Item type | Books |
| Withdrawn status | Lost status | Source of classification or shelving scheme | Damaged status | Not for loan | Home library | Current library | Date acquired | Inventory number | Total Checkouts | Full call number | Barcode | Date last seen | Copy number | Price effective from | Koha item type |
|---|---|---|---|---|---|---|---|---|---|---|---|---|---|---|---|
| Dewey Decimal Classification | Main Library | Faculty of Law Library | 02/08/2024 | 35187 | 344.4101 EMI | bsu24080297 | 02/08/2024 | 001 | 02/08/2024 | Books | |||||
| Dewey Decimal Classification | Main Library | Faculty of Law Library | 02/08/2024 | 35188 | 344.4101 EMI | bsu24080298 | 02/08/2024 | 002 | 02/08/2024 | Books |